000 00532nam a2200181Ia 4500
001 4597
005 20260306145807.0
008 260306t2011||||xx |||||||||||||| ||spa||
041 _aESP
082 _a327.17
_bA133
100 _aAgencia Peruana de Cooperación Internacional
_eAUT
245 0 _aBalance de la fiscalización a las entidades privadas de cooperación internacional en el Perú 2007-2010:
_b28
260 _c2011
300 _a199 páginas :
_c28 cm.
650 _aGEN
654 _aCHU
942 _cLIB
_dJUS
_fJUS
_2ddc
_n
999 _c4597
_d4597